000 00871nmm a2200289 a 4500
003 AR-BaBNM
005 20251128211748.0
008 216020s2005 ||||||||||||||000 | spa||
020 _a987-1024-62-2
040 _cAR-BaBNM
245 1 0 _aDesigualdades sociales y educativas
_ba una década de la implementación de la Ley Federal de Educación en Mendoza
250 _a1ª ed.
260 _aMendoza
_bEFE Editorial
_c2005
300 0 _a97 p.
_btablas
650 4 _aPOLITICA EDUCATIVA
650 4 _aDESIGUALDAD SOCIAL
651 4 _aMendoza
653 0 _aREFORMA EDUCATIVA
653 0 _aTERCER CICLO DE LA EGB
653 0 _aGESTION EDUCATIVA
653 0 _aSITUACION EDUCATIVA NACIONAL
653 0 _aESTADISTICAS EDUCATIVAS
700 1 _aRomagnoli, Cristina
_ecompilador
700 1 _aTosoni, Magdalena
_ecompilador
942 _cBK
998 _cme-solo cat
999 _c21005
_d21005